000 00310nam a22001337a 4500
008 180919b xxu||||| |||| 00| 0 eng d
020 _a9780495597247
041 _aeng
080 _a159.9
100 _a48
101 _aPSI
245 _aMastering Competencies in Family Therapy
_cGehart,D
942 _2udc
_cBK
999 _c48093
_d48093